| 000 | 01597cam a2200385 i 4500 | ||
|---|---|---|---|
| 999 |
_c65761 _d65761 |
||
| 001 | 768714001 | ||
| 003 | CO-MdFUSB | ||
| 005 | 20200804180026.0 | ||
| 008 | 990107t1999 mnua b 001 0 eng | ||
| 010 | _a99012063 | ||
| 020 | _a0800631552 (alk. paper) | ||
| 040 |
_aDLC _cCO-MdFUSB _dC#P _dCO-MdFUSB _dUtOrBLW _bspa _erda |
||
| 041 | _aeng | ||
| 042 | _apcc | ||
| 082 |
_223 _a222.107 _bB183 |
||
| 090 | _aBS1199.L67 | ||
| 100 | 1 |
_aBalentine, Samuel E. _d1950- _eautor |
|
| 245 | 1 | 4 |
_aThe Torah's vision of worship / _cSamuel E. Balentine. |
| 264 | 1 |
_aMinneapolis : _bFortress Press, _c[1999] |
|
| 264 | 4 | _c© 1999 | |
| 300 |
_axiv, 266 páginas : _bilustraciones ; _c22 cm. |
||
| 336 |
_atexto _btxt _2rdacontent. |
||
| 337 |
_asin mediación _bn _2rdamedia. |
||
| 338 |
_avolumen _bnc _2rdacarrier. |
||
| 490 | 1 | _aOvertures to biblical theology. | |
| 504 | _aIncluye referencias bibliográficas | ||
| 505 | _aLa adoración como tema en los estudios del Antiguo Testamento - La política persa y la formación del Pentateuco - La Torá como visión - La liturgia de la creación y el pacto cósmico - La liturgia del pacto - La santidad del pacto - En la frontera: el siempre convocatoria nueva y siempre renovadora a la visión de la Torá - En la frontera del nuevo milenio: ¿es así como termina el mundo? -Otro mundo para vivir. | ||
| 563 | _aRústico | ||
| 630 | 7 |
_aBiblia. _pPentateuco _xCrítica, interpretación, etc. |
|
| 830 | _aOvertures to biblical theology. | ||
| 942 | _cBK | ||
| 945 | _aJTF-925 | ||